Fundamentals of Short -Range FM Radar (Record no. 610940)

000 -LEADER
fixed length control field 00419nam a22001457a 4500
020 ## - INTERNATIONAL STANDARD BOOK NUMBER
International Standard Book Number 9781580531108
040 ## - CATALOGING SOURCE
Transcribing agency Nust
082 ## - DEWEY DECIMAL CLASSIFICATION NUMBER
Classification number 621.3848
Author Mark KOM
100 ## - MAIN ENTRY--PERSONAL NAME
Personal name Igov V Komarov
9 (RLIN) 125152
110 ## - MAIN ENTRY--CORPORATE NAME
Corporate name or jurisdiction name as entry element Sergey M. Smolskiy
9 (RLIN) 124879
245 ## - TITLE STATEMENT
Title Fundamentals of Short -Range FM Radar
260 ## - PUBLICATION, DISTRIBUTION, ETC.
Place of publication, distribution, etc. Boston:
Name of publisher, distributor, etc. Artech house publishers,
Date of publication, distribution, etc. 2003.
650 ## - SUBJECT ADDED ENTRY--TOPICAL TERM
Topical term or geographic name entry element Fundamentals of Short -Range FM Radar
9 (RLIN) 124880
942 ## - ADDED ENTRY ELEMENTS (KOHA)
Source of classification or shelving scheme
Koha item type Book
Holdings
Withdrawn status Lost status Source of classification or shelving scheme Damaged status Not for loan Permanent Location Current Location Shelving location Date acquired Total Checkouts Full call number Barcode Date last seen Price effective from Koha item type
          College of Electrical & Mechanical Engineering (CEME) College of Electrical & Mechanical Engineering (CEME) General Stacks 08/15/2024   621.3848 KOM CEME- 39031 08/15/2024 08/15/2024 Book
© 2023 Central Library, National University of Sciences and Technology. All Rights Reserved.